| 000 | 01837cam a2200397 a 4500 | ||
|---|---|---|---|
| 999 |
_c233662 _d233662 |
||
| 001 | 14915196 | ||
| 003 | Nust | ||
| 005 | 20170309153842.0 | ||
| 008 | 070703s2007 nyuab 000 1 eng | ||
| 010 | _a 2007027696 | ||
| 020 | _a9781416552949 | ||
| 020 | _a9780007273225 | ||
| 035 | _a(OCoLC)ocn153578394 | ||
| 035 | _a(OCoLC)153578394 | ||
| 040 |
_aDLC _cDLC _dYDX _dYDXCP _dBTCTA _dBAKER _dP@N _dDLC |
||
| 043 | _af-ua--- | ||
| 050 | 0 | 0 |
_aPR9619.3.M32 _bA58 2007 |
| 082 | 0 | 0 |
_a823.914 _bMCC |
| 100 | 1 |
_aMcCullough, Colleen, _d1937-2015. |
|
| 245 | 1 | 0 |
_aAntony and Cleopatra / _cColleen McCullough. |
| 250 | _a1st Simon & Schuster hardcover ed. | ||
| 260 |
_aNew York : _bSimon & Schuster, _c2007. |
||
| 300 |
_a593 p. : _c25 cm. |
||
| 600 | 1 | 0 |
_aAntonius, Marcus, _d83 B.C.?-30 B.C. _vFiction. |
| 600 | 0 | 0 |
_aCleopatra, _cQueen of Egypt, _d-30 B.C. _vFiction. |
| 650 | 0 |
_aRomans _zEgypt _vFiction. |
|
| 651 | 0 |
_aRome _xHistory _yCivil War, 49-45 B.C. _vFiction. |
|
| 651 | 0 |
_aEgypt _xHistory _y332-30 B.C. _vFiction. |
|
| 655 | 7 |
_aBiographical fiction. _2gsafd |
|
| 655 | 7 |
_aHistorical fiction. _2gsafd |
|
| 856 | 4 | 2 |
_3Publisher description _uhttp://www.loc.gov/catdir/enhancements/fy0826/2007027696-d.html |
| 856 | 4 | 1 |
_3Sample text _uhttp://www.loc.gov/catdir/enhancements/fy0826/2007027696-s.html |
| 856 | 4 | 1 |
_3Table of contents only _uhttp://www.loc.gov/catdir/enhancements/fy0826/2007027696-t.html |
| 856 | 4 | 2 |
_3Contributor biographical information _uhttp://www.loc.gov/catdir/enhancements/fy0913/2007027696-b.html |
| 906 |
_a7 _bcbc _corignew _d1 _eecip _f20 _gy-gencatlg |
||
| 942 |
_2ddc _cBK |
||